000 00306nam a22001217a 4500
040 _cSK
082 _a628
100 _aង៉ៅ ប៊ុនថាន
245 _aProject development; ការអភិវឌ្ឍន៍គំរោង
260 _aRUA
_bង៉ោ
_c2004
300 _a33p.
942 _cKB
999 _c8829
_d8829